ගැහැනු ළමයා යනු කවරෙක් ද ? = பெண் என்றால் என்ன? = පිරිමි ළමයා යනු කවරෙක් ද ? = ஆண் என்றால் என்ன? (Record no. 4645)
[ view plain ]
| 000 -LEADER | |
|---|---|
| fixed length control field | 00994nam a2200181 4500 |
| 003 - CONTROL NUMBER IDENTIFIER | |
| control field | LK-CoMWRAF |
| 005 - DATE AND TIME OF LATEST TRANSACTION | |
| control field | 20240118100448.0 |
| 008 - FIXED-LENGTH DATA ELEMENTS--GENERAL INFORMATION | |
| fixed length control field | 240118b |||||||| |||| 00| 0 eng d |
| 020 ## - INTERNATIONAL STANDARD BOOK NUMBER | |
| International Standard Book Number | 9559102338 |
| 040 ## - CATALOGING SOURCE | |
| Original cataloging agency | LK-CoMWRAF |
| Modifying agency | LK-CoMWRAF |
| Description conventions | LK-CoMWRAF |
| 041 ## - LANGUAGE CODE | |
| Language code of text/sound track or separate title | Sinhala; Sinhalese |
| -- | Tamil |
| 082 ## - DEWEY DECIMAL CLASSIFICATION NUMBER | |
| Classification number | 305.23 |
| Item number | BHA |
| 942 ## - ADDED ENTRY ELEMENTS (KOHA) | |
| Koha item type | Books |
| 100 ## - MAIN ENTRY--PERSONAL NAME | |
| Personal name | භාසින්, කමිලා = பாசின், கம்லா |
| 700 ## - ADDED ENTRY--PERSONAL NAME | |
| Personal name | තෝපර් බින්දියා = தோபர், பிந்தியா |
| Relator Term | illustrator |
| 245 ## - TITLE STATEMENT | |
| Title | ගැහැනු ළමයා යනු කවරෙක් ද ? = பெண் என்றால் என்ன? = පිරිමි ළමයා යනු කවරෙක් ද ? = ஆண் என்றால் என்ன? |
| 260 ## - PUBLICATION, DISTRIBUTION, ETC. (IMPRINT) | |
| Place of publication, distribution, etc. | කොළඹ = கொழும்பு : |
| Name of publisher, distributor, etc. | සමාජ විද්යාඥයින්ගේ සංගමය = சமூகவியலாளர்கள் சங்கம், கொழும்பு, |
| Date of publication, distribution, etc. | 2000 |
| Withdrawn status | Lost status | Damaged status | Not for loan | Permanent Location | Current Location | Date acquired | Full call number | Barcode | Koha item type |
|---|---|---|---|---|---|---|---|---|---|
| Resource center, Muslim Women's Research And Action Forum | Resource center, Muslim Women's Research And Action Forum | 2024-01-18 | 305.23 BHA | RAF4803 | Books | ||||
| Resource center, Muslim Women's Research And Action Forum | Resource center, Muslim Women's Research And Action Forum | 2024-01-18 | 305.23 BHA | RAF4816 | Books |

